000 00746nam a2200229Ia 4500
003 GCL
008 140319s9999 xx 000 0 ara d
040 _aGCL /
_cGCL
082 0 4 _a327.114
_bا ل
100 1 _aامين هويدى
245 1 0 _aلعبة الامم فى الشرق الاوسط نحن وامريكا واسرائيل /
_cامين هويدى
260 _a[S.N] :
_bدار المستقبل العربى ،
_c1990
300 _a282 ص
490 _a
650 0 4 _aمصر
650 0 4 _aالاتحاد السوفيتى
650 0 4 _aالنزاع العربى الاسرائيلى
650 0 4 _aالوطن العربى
650 0 4 _aاسرائيل
650 0 4 _aالنظام العالمى الحديث
942 _2ddc
_cBK
999 _c55488
_d55488